Statistics for Music by Letter - I

Click here to take the quiz!

General Stats

  • This quiz has been taken 7,305 times
    (6,968 since last reset)
  • The average score is 14 of 20

Answer Stats

Hint Answer % Correct
Word that comes before Cube
but after Vanilla
Ice
96%
Country of Verdi and VivaldiItaly
96%
Apple mp3 player, launched in 2001iPod
93%
Spanish singers Julio or EnriqueIglesias
92%
Substance used for white piano keys, onceIvory
91%
Piano, guitar, flute, etc...Instrument
91%
Sitarist Ravi Shankar grew up hereIndia
89%
Lennon song: "You may say
I'm a dreamer..."
Imagine
88%
The Stooges vocalist, ____ PopIggy
86%
Billy, who sang "White Wedding"Idol
86%
Country represented by a harpIreland
81%
This band's name is pronounced
"in excess"
INXS
80%
What jazz musicians frequently doImprovise
68%
The Beatles started this; "British _______"Invasion
65%
Singer Natalie, with the 1997 hit "Torn"Imbruglia
63%
Wagner opera, "Tristan und ______"Isolde
54%
Cat Stevens's new name: Yusuf _____Islam
46%
Distance between two musical notesInterval
42%
1994 Beethoven film, "_______ Beloved"Immortal
20%
Noted American composer Charles ____Ives
15%

Score Distribution

Percentile by Number Answered

Percent of People with Each Score

Your Score History

You have not taken this quiz since the last reset